Estatísticas para Equipes/Equipas da Liga NOS 2019/20

Clique aqui para jogar o quiz

Estatísticas Gerais

  • Esse quiz foi jogado 31 vezes
  • A pontuação média é 16 de 18

Estatísticas das Respostas

Cidade Estádio Clube % Correct
Lisboa, Estremadurada LuzBenfica
100%
Braga, MinhoMunicipal de BragaBraga
100%
Lisboa, EstremaduraJosé AlvaladeSporting Clube
100%
Porto, Douro Litoraldo DragãoPorto
100%
Setúbal, Estremadurado BonfimVitória de Setúbal
96%
Boavista, Douro Litoraldo Bessa Século XXIBoavista
96%
Guimarães, MinhoDom Afonso HenriquesVitória de Guimarães
96%
Tondela, Beira AltaJoão CardosoTondela
96%
Lisboa, EstremaduraNacional do JamorBelenenses
92%
P. de Ferreira, Douro LitoralCapital do MóvelPaços de Ferreira
92%
Famalicão, MinhoMunicipal 22 de JunhoFamalicão
92%
Portimão, AlgarveMunicipal de PortimãoPortimonense
88%
Vl. do Conde, Douro Litoraldos ArcosRio Ave
88%
Funchal, Ilha da Madeirado MarítimoMarítimo
84%
Moreira de Cónegos, MinhoCdor. Joaquim de A FreitasMoreirense
80%
Ponta Delgada, Açoresde São MiguelSanta Clara
80%
Barcelos, MinhoCidade de BarcelosGil Vicente
80%
Santo Tirso, Douro Litoraldas AvesDesportivo Aves
76%

Distribuição das Pontuações

Percentil de Números Respondidos

Porcentagem de Pessoas com Cada Pontuação

Sua Pontuação Histórica

Você não jogou esse quiz